| 000 | 00665cam a2200181 4500 | ||
|---|---|---|---|
| 001 | L136299 | ||
| 008 | 070123n 000 0 eng u | ||
| 035 | _a(Sirsi) u136299 | ||
| 041 | 0 | _aeng | |
| 110 | 2 | _aProven Energy Ltd | |
| 245 | 0 | 0 | _aProven energy |
| 520 | _aInformation on the products and services offered by Proven Energy Ltd, producers of small-scale wind turbines. Included are details of customers and FAQs. | ||
| 590 | _aKA | ||
| 651 | 4 | _aInternational | |
| 690 | _aENVIRONMENTAL AND LAND CONSULTANCY-ENERGY-RENEWABLE ENERGY | ||
| 856 | 4 | 0 |
_uhttps://www.provenenergy.co.uk/ _zView the website free of charge at www.provenenergy.co.uk... |
| 942 | _n0 | ||
| 999 |
_c120569 _d120569 |
||